Rezolúcie a rozhodnutia piateho kongresu Komunistickej strany Juhoslávie

Bibliographic Details
Format: Book
Language:Slovak
PhysicalDescription:16 s. 8°
Published: Belehrad Informačný úrad pri vláde FĽRJ 1948
Subjects:

MARC

LEADER 00000cam a2200000 a 4500
001 vtls009304749
003 SK-MaSNL
005 20260301103419.0
008 200205s1948 rb gr 000 0 slo
035 |a urn:nbn:sk:snk-am00d99q 
035 |a urn:nbn:sk:snk-am3htzr 
035 |a 4A8B8049-FD44-4577-B71F-0A15F1A5EA22 
040 |a SNK  |b slo  |c SNK  |e AACR2 
041 0 |a slo 
044 |a rb  |c RS 
080 |a 323.15(497.1)  |2 1981 
245 0 0 |a Rezolúcie a rozhodnutia piateho kongresu Komunistickej strany Juhoslávie 
260 |a Belehrad  |b Informačný úrad pri vláde FĽRJ  |c 1948  |e Petrovec  |f Kníhtlačiareň Matice slovenskej 
300 |a 16 s.  |c 8° 
610 2 7 |a Komunistička partija Jugoslavije  |2 SNKKA  |9 179994 
648 7 |a 1948  |2 SNKPH  |9 282113 
650 0 7 |a kongresy  |2 SNKPH  |9 19200 
655 7 |a závery  |2 SNKPH  |9 62812 
958 |a ONDV 
958 |a RS 
999 |c 695083  |d 697013 
952 |a SNK  |b SNK  |y VYP  |7 0  |p 17A0588410  |o snkSD 6006/12 D1  |i snkI. 1213/48  |3 rekatalogizácia  |0 0  |1 0  |4 0  |d 2008-06-18  |l 0  |r 2026-02-23 20:39:33  |w 2026-02-23 
952 |a SNK  |b SNK  |y PREZ  |7 0  |p 17A0910002  |o snkSD 6006/12  |i snk6819/48  |0 0  |1 0  |4 0  |d 2018-12-04  |f 1  |l 0  |r 2025-11-13 00:00:00  |w 2026-02-23